دراسات نظرية علمية فى حقل الفنون الأثرية، وطرق مواد الترميم الحديثة

محفوظ في:

المؤلف الرئيسي: محمد فهمى عبدالوهاب.

التنسيق: كتاب

اللغة: Undetermined

منشور في: Cairo Dar Alshaab 1974

الوسوم: إضافة وسم

لا توجد وسوم, كن أول من يضع وسما على هذه التسجيلة!

رقم الطلب: F90 ABDELW

LEADER 00457nam a2200121Ia 4500
008 240404s9999||||xx |||||||||||||| ||und||
050 4 |a F90 ABDELW 
100 1 |a محمد فهمى عبدالوهاب. 
245 1 0 |a دراسات نظرية علمية فى حقل الفنون الأثرية، وطرق مواد الترميم الحديثة  |c محمد فهمى عبدالوهاب 
264 1 |a Cairo  |b Dar Alshaab  |c 1974 
300 |a 717  |c 24 
942 |2 lcc  |c BK 
999 |c 57998  |d 57998